STRENGTH OF MATERIALS A TEXTBOOK COVERING THE SYLLABUS OF THE B. SC (ENG) EXAMINATIONS IN THE SUBJECT (Record no. 581800)

000 -LEADER
fixed length control field 00321nam a22001097a 4500
082 ## - DEWEY DECIMAL CLASSIFICATION NUMBER
Classification number 620.12 WAR'S
100 ## - MAIN ENTRY--PERSONAL NAME
Personal name WARNOCK, F. V
9 (RLIN) 40900
245 ## - TITLE STATEMENT
Title STRENGTH OF MATERIALS A TEXTBOOK COVERING THE SYLLABUS OF THE B. SC (ENG) EXAMINATIONS IN THE SUBJECT
260 ## - PUBLICATION, DISTRIBUTION, ETC.
Place of publication, distribution, etc. LONDON
Name of publisher, distributor, etc. SIR ISAAC
Date of publication, distribution, etc. 1951
300 ## - PHYSICAL DESCRIPTION
Extent 405P
942 ## - ADDED ENTRY ELEMENTS (KOHA)
Koha item type Book
Holdings
Withdrawn status Lost status Damaged status Not for loan Permanent Location Current Location Shelving location Date acquired Total Checkouts Full call number Barcode Date last seen Price effective from Koha item type
        College of Electrical & Mechanical Engineering (CEME) College of Electrical & Mechanical Engineering (CEME) General Stacks 05/29/2017   620.12 WAR'S CEME-10828 06/28/2021 06/28/2021 Book
© 2023 Central Library, National University of Sciences and Technology. All Rights Reserved.